[Event "Tradewise Hastings Masters 15-16"]
[Site "Hastings, England"]
[Date "2016.01.02"]
[Round "6.26"]
[White "Taylor, Adam C"]
[Black "Brown, Thomas"]
[Result "1-0"]
[WhiteElo "2282"]
[BlackElo "2066"]
[PlyCount "81"]
[EventDate "2016.??.??"]

1. d4 Nf6 2. c4 g6 3. Nc3 d5 4. Bg5 Bg7 5. Bxf6 Bxf6 6. Nxd5 Bg7 7. Nf3 c6 8.
Nc3 c5 9. d5 O-O 10. g3 Qa5 11. Rc1 Qb4 12. Qb3 a5 13. Nd2 a4 14. Qxb4 cxb4 15.
Nd1 Na6 16. c5 Rd8 17. Bg2 Bd4 18. c6 bxc6 19. dxc6 Nc7 20. Nc4 Be6 21. Nde3 a3
22. b3 Bc3+ 23. Kf1 Bd2 24. Nxd2 Rxd2 25. Nc2 Bxb3 26. axb3 Rxc2 27. Rxc2 a2
28. Rxa2 Rxa2 29. f4 Rb2 30. Kf2 Rxb3 31. Rd1 Ra3 32. Rd7 Ra7 33. Rd8+ Kg7 34.
Rb8 Na6 35. Rb6 Nc7 36. Rxb4 Kf6 37. Rb7 Rxb7 38. cxb7 Na6 39. e4 Ke6 40. Bf1
Nb8 41. Bc4+ 1-0

[Event "Tradewise Hastings Masters 15-16"]
[Site "Hastings, England"]
[Date "2016.01.02"]
[Round "6.27"]
[White "Willson, Ollie"]
[Black "Lyell, Mark"]
[Result "1/2-1/2"]
[WhiteElo "2033"]
[BlackElo "2228"]
[PlyCount "94"]
[EventDate "2016.??.??"]

1. d4 e6 2. Nf3 f5 3. c4 Nf6 4. g3 Be7 5. Bg2 O-O 6. O-O d6 7. b3 a5 8. Bb2 Ne4
9. Nbd2 a4 10. Nxe4 fxe4 11. Ne1 d5 12. a3 axb3 13. Qxb3 Kh8 14. Nc2 Nc6 15.
Ne3 Na5 16. Qa2 c6 17. f4 b6 18. Bc3 Ba6 19. Bxa5 bxa5 20. c5 g5 21. Ng4 gxf4
22. gxf4 Qc7 23. Ne5 Bf6 24. Qd2 Bxe5 25. fxe5 Qg7 26. Kh1 Qg6 27. Rxf8+ Rxf8
28. Rf1 Rxf1+ 29. Bxf1 Qf5 30. Bg2 Qf2 31. Qxa5 Kg7 32. h3 Bxe2 33. Qc7+ Qf7
34. Qxf7+ Kxf7 35. Kg1 Ke7 36. Kf2 Bd1 37. h4 Bg4 38. Bf1 Kd7 39. Ke3 Kc7 40.
Kf4 Bd1 41. Bh3 Kd7 42. Ke3 Ba4 43. Kf4 Bb5 44. Bg4 Ba4 45. Be2 Ke7 46. Bg4 Kf7
47. Ke3 Ke7 1/2-1/2

[Event "Tradewise Hastings Masters 15-16"]
[Site "Hastings, England"]
[Date "2016.01.02"]
[Round "6.29"]
[White "Oyama, Akito"]
[Black "Crocker, Philip J"]
[Result "0-1"]
[WhiteElo "2005"]
[BlackElo "2169"]
[PlyCount "76"]
[EventDate "2016.??.??"]

1. e4 Nf6 2. e5 Nd5 3. Nc3 Nxc3 4. bxc3 d5 5. Ba3 b6 6. d4 c5 7. Bb5+ Bd7 8.
Bd3 Nc6 9. Be2 Rc8 10. Nf3 Bg4 11. Ng5 Bxe2 12. Qxe2 e6 13. Nf3 Be7 14. O-O O-O
15. Rad1 cxd4 16. Bxe7 Qxe7 17. cxd4 Nb4 18. c3 Rxc3 19. Ne1 Rfc8 20. f4 g6 21.
Rd2 R8c4 22. g4 Qh4 23. Ng2 Qh3 24. f5 Rc1 25. Ne1 R4c3 26. fxe6 fxe6 27. Kh1
Re3 28. Qg2 Qxg2+ 29. Kxg2 Rcxe1 30. Rf6 R1e2+ 31. Rxe2 Rxe2+ 32. Kg3 Nc6 33.
Rxe6 Nxd4 34. Rd6 Rxe5 35. Rd8+ Kf7 36. Rd7+ Re7 37. Rxd5 Ne2+ 38. Kh4 Nc3 0-1

[Event "Tradewise Hastings Masters 15-16"]
[Site "Hastings, England"]
[Date "2016.01.02"]
[Round "6.30"]
[White "Norton, Craig"]
[Black "Sikkel, Dirk"]
[Result "1/2-1/2"]
[WhiteElo "2146"]
[BlackElo "1991"]
[PlyCount "126"]
[EventDate "2016.??.??"]

1. d4 g6 2. e4 Bg7 3. Nc3 d6 4. Be3 a6 5. Nf3 b5 6. Qd2 Bb7 7. Bd3 Nd7 8. a4 b4
9. Ne2 Ngf6 10. Ng3 a5 11. Bh6 Bxh6 12. Qxh6 e5 13. dxe5 Nxe5 14. Nxe5 dxe5 15.
Rd1 Qe7 16. Bb5+ c6 17. Bc4 Ng4 18. Qg7 Rf8 19. O-O h5 20. h3 Nf6 21. Qh6 Nd7
22. b3 O-O-O 23. Qe3 Kc7 24. c3 bxc3 25. Qxc3 Qb4 26. Qxb4 axb4 27. Ne2 f6 28.
Nc1 Nb6 29. Be2 c5 30. f3 Rd4 31. Rxd4 exd4 32. Bb5 Bc6 33. Bxc6 Kxc6 34. Nd3
Nd7 35. Rc1 Kd6 36. Kf2 g5 37. g3 Rh8 38. f4 Re8 39. Re1 g4 40. h4 Nb8 41. e5+
fxe5 42. Rxe5 Rxe5 43. Nxe5 Kd5 44. Ke2 Ke4 45. Kd2 Na6 46. Nd7 c4 47. bxc4 b3
48. Nf6+ Kf3 49. Nd5 Kxg3 50. f5 Nc5 51. a5 Kxh4 52. a6 g3 53. Nf4 Nxa6 54. f6
b2 55. Kc2 b1=Q+ 56. Kxb1 Nc5 57. f7 Ne6 58. Nxe6 g2 59. f8=Q g1=Q+ 60. Kb2
Qg2+ 61. Ka3 Qh3+ 62. Ka4 Qxe6 63. Qf2+ Kh3 1/2-1/2

[Event "Tradewise Hastings Masters 15-16"]
[Site "Hastings, England"]
[Date "2016.01.02"]
[Round "6.31"]
[White "Goater, Kevin P"]
[Black "Brewer, Callum D"]
[Result "1/2-1/2"]
[WhiteElo "2141"]
[BlackElo "1945"]
[PlyCount "38"]
[EventDate "2016.??.??"]

1. d4 Nf6 2. Nf3 d5 3. c3 e6 4. Bf4 c5 5. e3 Nc6 6. Nbd2 Bd6 7. Bg3 a6 8. Bd3
Bxg3 9. hxg3 Qd6 10. a4 Bd7 11. Rc1 Rc8 12. dxc5 Qxc5 13. O-O O-O 14. Qe2 e5
15. e4 d4 16. cxd4 Nxd4 17. Nxd4 Qxd4 18. Nf3 Qd6 19. b3 Bg4 1/2-1/2

[Event "Tradewise Hastings Masters 15-16"]
[Site "Hastings, England"]
[Date "2016.01.02"]
[Round "6.32"]
[White "Waddington, Mike P"]
[Black "Golding, James"]
[Result "0-1"]
[WhiteElo "2066"]
[BlackElo "1882"]
[PlyCount "114"]
[EventDate "2016.??.??"]

1. Nc3 d5 2. e4 d4 3. Nce2 e5 4. Ng3 Be6 5. Nf3 f6 6. b3 Nc6 7. Bc4 Bxc4 8.
bxc4 d3 9. O-O Bc5 10. Rb1 Nge7 11. Ne1 dxc2 12. Qxc2 Nd4 13. Qa4+ Qd7 14.
Qxd7+ Kxd7 15. Nd3 b6 16. Nxc5+ bxc5 17. Ba3 Kc6 18. Rb2 Rab8 19. Nh5 Ne6 20.
Rfb1 Rb6 21. Rxb6+ axb6 22. Bb2 Rd8 23. Rd1 Nc8 24. f3 Nd6 25. Rc1 Nxc4 26.
Rxc4 Rxd2 27. Bc1 Rxa2 28. Be3 b5 29. Rc1 b4 30. Nxg7 Nxg7 31. Rxc5+ Kd6 32.
Rb5 Ra4 33. Rd5+ Ke7 34. Rb5 Ne6 35. Kf2 Kd6 36. g4 c5 37. Rb6+ Kd7 38. h4 Nd4
39. Bxd4 exd4 40. g5 fxg5 41. hxg5 c4 42. e5 b3 43. e6+ Kc7 44. Rb8 Ra2+ 45.
Kf1 Kd6 46. Rb6+ Ke7 47. f4 Ra5 48. Rb4 Rc5 49. Ke2 c3 50. f5 Rxf5 51. Rxb3
Rxg5 52. Rb7+ Kxe6 53. Rxh7 Rg3 54. Rh6+ Kd5 55. Rh5+ Kc4 56. Rh4 c2 57. Rh8
Rc3 0-1

[Event "Tradewise Hastings Masters 15-16"]
[Site "Hastings, England"]
[Date "2016.01.02"]
[Round "6.33"]
[White "Stonehouse, Tom H"]
[Black "Lochte, Thomas"]
[Result "0-1"]
[WhiteElo "1778"]
[BlackElo "2082"]
[PlyCount "36"]
[EventDate "2016.??.??"]

1. e4 e5 2. Nf3 Nc6 3. Bb5 a6 4. Ba4 Nf6 5. O-O Be7 6. Re1 b5 7. Bb3 O-O 8. c3
d5 9. exd5 Nxd5 10. Nxe5 Nxe5 11. Rxe5 Nf6 12. d4 Bd6 13. Re2 Ng4 14. h3 Qh4
15. Nd2 Bb7 16. Nf1 Rae8 17. Rxe8 Qxf2+ 18. Kh1 Bxg2# 0-1

[Event "Tradewise Hastings Masters 15-16"]
[Site "Hastings, England"]
[Date "2016.01.02"]
[Round "6.34"]
[White "Ruane, Brendan J"]
[Black "Ramstad, Havard"]
[Result "0-1"]
[WhiteElo "1794"]
[BlackElo "2026"]
[PlyCount "90"]
[EventDate "2016.??.??"]

1. e4 c5 2. Nc3 e6 3. f4 a6 4. Nf3 d6 5. g4 Nc6 6. Bg2 b5 7. Ne2 Bb7 8. d3 Qc7
9. Be3 Nge7 10. Qd2 g6 11. Qc3 Rg8 12. Qd2 Bg7 13. c3 Rd8 14. Ng3 Na5 15. Rc1
d5 16. e5 Ba8 17. b3 Bf8 18. d4 cxd4 19. cxd4 Qb6 20. O-O Nec6 21. Kh1 Ba3 22.
Rcd1 Rc8 23. Rf2 Nb4 24. Ne1 Qc7 25. Ne2 Nc2 26. Nxc2 Qxc2 27. Nc1 Qxd2 28.
Bxd2 Nc6 29. Be3 Nxd4 30. Bxd4 Bxc1 31. b4 Ba3 32. Bc5 a5 33. Bf1 Bc6 34. Rb1
Kd7 35. Rb3 Bxb4 36. Bxb4 axb4 37. Rxb4 Ra8 38. Bxb5 Bxb5 39. Rxb5 Rgb8 40.
Rfb2 Rxb5 41. Rxb5 Rxa2 42. Rb7+ Ke8 43. Rb8+ Ke7 44. Rb7+ Kf8 45. Rd7 Rf2 0-1

[Event "Tradewise Hastings Masters 15-16"]
[Site "Hastings, England"]
[Date "2016.01.02"]
[Round "6.35"]
[White "Larsen, Andreas"]
[Black "Young, Mel J"]
[Result "0-1"]
[WhiteElo "1998"]
[BlackElo "1901"]
[PlyCount "114"]
[EventDate "2016.??.??"]

1. b4 e5 2. Bb2 Bxb4 3. Bxe5 Nf6 4. Nf3 Nc6 5. Bb2 d5 6. e3 O-O 7. Be2 Be6 8.
Ng5 h6 9. Nxe6 fxe6 10. O-O Bd6 11. d3 Ne7 12. Nd2 c6 13. c4 Qc7 14. Rc1 Bxh2+
15. Kh1 Nf5 16. g4 Nh4 17. f4 Bg3 18. Nf3 Nxg4 19. Nxh4 Nxe3 20. Be5 Qd8 21.
Ng2 Nxd1 22. Rcxd1 Rf5 23. Bg4 Qe8 24. Rf3 Rh5+ 25. Kg1 Rxe5 26. Rxg3 Rf5 27.
Bxf5 exf5 28. Re1 Qd7 29. Rge3 dxc4 30. dxc4 Rd8 31. Nh4 Qd4 32. Nxf5 Qxf4 33.
Rf1 Qxc4 34. Rg3 Qc5+ 35. Kh1 Rd7 36. Nxh6+ Kh7 37. Nf5 Qd5+ 38. Kg1 Qc5+ 39.
Kh1 Qd5+ 40. Kg1 Qe6 41. Rh3+ Kg8 42. Re3 Qg6+ 43. Rg3 Qh5 44. Rff3 Rd1+ 45.
Kf2 Qh2+ 46. Ke3 Qd2+ 47. Ke4 Re1+ 48. Ne3 Qd5+ 49. Kf4 Qd6+ 50. Kg4 Qe6+ 51.
Kf4 Qxa2 52. Kg5 Qa5+ 53. Kg6 Qe5 54. Nf5 Qf6+ 55. Kh5 Rh1+ 56. Kg4 Kh7 57. Rg2
g6 0-1

[Event "Tradewise Hastings Masters 15-16"]
[Site "Hastings, England"]
[Date "2016.01.02"]
[Round "6.36"]
[White "Golding, Alex"]
[Black "Borland, Scott"]
[Result "0-1"]
[WhiteElo "1955"]
[BlackElo "1651"]
[PlyCount "78"]
[EventDate "2016.??.??"]

1. e4 c6 2. d4 d5 3. e5 Bf5 4. c4 e6 5. Nc3 Nd7 6. a3 dxc4 7. Bxc4 Ne7 8. Nf3
Nd5 9. Bg5 Qb6 10. Qd2 h6 11. Be3 Be7 12. O-O Qd8 13. Nxd5 cxd5 14. Bd3 Bxd3
15. Qxd3 Nb6 16. b3 a6 17. Bd2 Nc8 18. a4 O-O 19. Rfc1 Na7 20. b4 Qb6 21. Rcb1
Rfc8 22. b5 a5 23. Rc1 Bb4 24. Bxb4 axb4 25. Qb3 Qa5 26. Ne1 Rc3 27. Rxc3 bxc3
28. Rc1 Rc8 29. Nd3 b6 30. Kf1 Rc4 31. Ke2 Qxa4 32. Rxc3 Nxb5 33. Rxc4 Qxb3 34.
Rb4 Qc2+ 35. Ke3 Nc3 36. Nf4 g5 37. Kf3 Qe4+ 38. Kg3 Qxf4+ 39. Kh3 Qh4# 0-1

[Event "Tradewise Hastings Masters 15-16"]
[Site "Hastings, England"]
[Date "2016.01.02"]
[Round "6.37"]
[White "Wilson, Matthew R"]
[Black "Dennis, Nigel W"]
[Result "1/2-1/2"]
[WhiteElo "1877"]
[BlackElo "1820"]
[PlyCount "107"]
[EventDate "2016.??.??"]

1. e4 c5 2. Nc3 Nc6 3. f4 d6 4. Nf3 g6 5. Bb5 Bg7 6. Bxc6+ bxc6 7. O-O Bg4 8.
h3 Bxf3 9. Qxf3 Qc7 10. Kh1 e6 11. f5 Nf6 12. d3 O-O 13. Rb1 Nd7 14. Qg3 Be5
15. Qh4 Bf6 16. Qg3 Be5 17. Bf4 Bxf4 18. Qxf4 e5 19. Qg5 f6 20. Qh6 g5 21. h4
gxh4 22. Qxh4 Rf7 23. g4 Nb6 24. g5 fxg5 25. Qxg5+ Kh8 26. Rg1 Rg7 27. Qh6 Rag8
28. Qf6 Qe7 29. Qxe7 Rxe7 30. b3 Reg7 31. Ne2 Rxg1+ 32. Rxg1 Rxg1+ 33. Kxg1 Nd7
34. Kf2 Nf6 35. Kf3 Kg7 36. Nc3 Kh6 37. Nd1 Kg5 38. Nb2 d5 39. Na4 dxe4+ 40.
dxe4 Nd7 41. Nb2 h5 42. c4 h4 43. Nd3 Kh5 44. a3 a5 45. a4 Kg5 46. f6 Kxf6 47.
Kg4 h3 48. Kxh3 Kg5 49. Kg3 Kh5 50. Kf3 Kg5 51. Nc1 Nf6 52. Ne2 Nh5 53. Ng3
Nxg3 54. Kxg3 1/2-1/2

[Event "Tradewise Hastings Masters 15-16"]
[Site "Hastings, England"]
[Date "2016.01.02"]
[Round "6.38"]
[White "Evans, Helen I"]
[Black "Macrae, James S"]
[Result "1-0"]
[WhiteElo "1577"]
[BlackElo "1693"]
[PlyCount "73"]
[EventDate "2016.??.??"]

1. e4 c6 2. Nf3 d5 3. exd5 cxd5 4. Ne5 a6 5. d4 Nf6 6. c3 e6 7. Bd3 Be7 8. O-O
O-O 9. f4 b5 10. a3 Qb6 11. Nd2 Nc6 12. Ndf3 h6 13. Nxc6 Qxc6 14. Ne5 Qb6 15.
Rf3 Nd7 16. Rg3 Nxe5 17. fxe5 f5 18. Bxh6 Rf7 19. Qh5 Bf8 20. Bf4 Qd8 21. Rh3
Rc7 22. Qh7+ Kf7 23. Be2 Ke8 24. Bh5+ Kd7 25. Bg6 Kc6 26. Qh5 Bd7 27. Bf7 Kb7
28. Qg6 Qc8 29. Rh8 Rc6 30. Bg5 Be8 31. Rxf8 Bxf7 32. Rxf7+ Rc7 33. Rxg7 Qf8
34. Rxc7+ Kxc7 35. Qxe6 Qg7 36. Qe7+ Qxe7 37. Bxe7 1-0

[Event "Tradewise Hastings Masters 15-16"]
[Site "Hastings, England"]
[Date "2016.01.02"]
[Round "6.39"]
[White "Brooke, John"]
[Black "Dean, Michael J"]
[Result "1-0"]
[WhiteElo "1770"]
[BlackElo "1562"]
[Annotator "Carr,Matthew"]
[PlyCount "122"]
[EventDate "2016.??.??"]

1. d4 Nf6 2. c4 g6 3. Nc3 Bg7 4. e4 d6 5. Bg5 O-O 6. Qd2 Nbd7 7. f4 e5 8. dxe5
dxe5 9. O-O-O Qe8 10. Bd3 c6 11. f5 a6 12. Bh6 b5 13. Bxg7 Kxg7 14. Nh3 Qd8 15.
Qf2 Qa5 16. Kb1 Bb7 17. fxg6 fxg6 18. Qg3 b4 19. Ne2 c5 20. Ng5 Qb6 21. Qh3
Rae8 22. Ng3 Bc8 23. Qh4 h6 24. Nf3 g5 25. Nf5+ Kf7 26. Nxh6+ Ke7 27. Qxg5 Kd8
28. Bc2 Kc7 29. Qd2 Re6 30. Nf5 Nb8 31. h3 Bb7 32. Qe2 Nh5 33. Qf2 Nc6 34. Ne3
Kb8 35. Nd5 Qa5 36. Qh4 Nf4 37. Rd2 Nd4 38. Nxd4 cxd4 39. g3 b3 40. Bxb3 Qxd2
41. gxf4 exf4 42. Qh7 Bxd5 43. cxd5 Ree8 44. d6 Qa5 45. a3 f3 46. Bd5 Qb6 47.
Ka2 f2 48. Qd7 Qa7 49. Qc6 Rc8 50. Qa4 Qb6 51. d7 Rcd8 52. Rf1 d3 53. e5 Qc5
54. e6 Qxd5+ 55. Qb3+ Qxb3+ 56. Kxb3 d2 57. e7 d1=Q+ 58. Rxd1 Kc7 59. exd8=Q+
Rxd8 60. Rf1 Rxd7 61. Rxf2 Rd5 {The remainder of the scoresheet is illegible}
1-0

[Event "Tradewise Hastings Masters 15-16"]
[Site "Hastings, England"]
[Date "2016.01.02"]
[Round "6.40"]
[White "Blewitt, Stephen"]
[Black "Kearsley, Raymond J"]
[Result "1/2-1/2"]
[WhiteElo "1966"]
[BlackElo "1723"]
[PlyCount "80"]
[EventDate "2016.??.??"]

1. e4 c5 2. Nf3 g6 3. Bc4 Bg7 4. O-O Nc6 5. c3 d6 6. h3 e6 7. d4 cxd4 8. cxd4
Nge7 9. Nc3 O-O 10. Be3 d5 11. exd5 exd5 12. Be2 Nf5 13. Qd2 Nxe3 14. Qxe3 Re8
15. Qd2 Bf5 16. a3 Na5 17. Rae1 a6 18. Bd3 Rxe1 19. Rxe1 Bxd3 20. Qxd3 b5 21.
Ne5 Rc8 22. Qf3 Bxe5 23. dxe5 d4 24. Nd5 Nc6 25. Qe4 Kg7 26. f4 Ne7 27. Nxe7
Qxe7 28. Qxd4 Rc4 29. Qf2 Qc7 30. Re2 Rc1+ 31. Kh2 Qd7 32. Qe3 Qd1 33. e6 fxe6
34. Qe5+ Kh6 35. Qg5+ Kg7 36. Rxe6 Qd4 37. f5 Rf1 38. Qe7+ Kh6 39. Qf8+ Kg5 40.
Qe7+ Kh6 1/2-1/2